Kafala-e-hijaz (Record no. 582918)
[ view plain ]
| 000 -LEADER | |
|---|---|
| fixed length control field | 00417nam a22001697a 4500 |
| 003 - CONTROL NUMBER IDENTIFIER | |
| control field | CEME |
| 005 - DATE AND TIME OF LATEST TRANSACTION | |
| control field | 20210628205950.0 |
| 008 - FIXED-LENGTH DATA ELEMENTS--GENERAL INFORMATION | |
| fixed length control field | 210202b xxu||||| |||| 00| 0 eng d |
| 040 ## - CATALOGING SOURCE | |
| Transcribing agency | . |
| 082 ## - DEWEY DECIMAL CLASSIFICATION NUMBER | |
| Classification number | 891.4393 NAS |
| 100 ## - MAIN ENTRY--PERSONAL NAME | |
| Personal name | Nasim Hijazi |
| 9 (RLIN) | 1042 |
| 245 ## - TITLE STATEMENT | |
| Title | Kafala-e-hijaz |
| 260 ## - PUBLICATION, DISTRIBUTION, ETC. | |
| Place of publication, distribution, etc. | LAHORE |
| Name of publisher, distributor, etc. | JEHNGIR BOOK DEPO |
| Date of publication, distribution, etc. | 2001 |
| 300 ## - PHYSICAL DESCRIPTION | |
| Extent | 616P |
| 650 ## - SUBJECT ADDED ENTRY--TOPICAL TERM | |
| Topical term or geographic name entry element | URDU ADAB-NOVEL-KAFALA-E-HIJAZ. |
| 9 (RLIN) | 77694 |
| 942 ## - ADDED ENTRY ELEMENTS (KOHA) | |
| Koha item type | Book |
| Source of classification or shelving scheme | |
| Withdrawn status | Lost status | Source of classification or shelving scheme | Damaged status | Not for loan | Permanent Location | Current Location | Shelving location | Date acquired | Shelving control number | Full call number | Barcode | Date last seen | Price effective from | Koha item type | Public note | Total Checkouts |
|---|---|---|---|---|---|---|---|---|---|---|---|---|---|---|---|---|
| College of Electrical & Mechanical Engineering (CEME) | College of Electrical & Mechanical Engineering (CEME) | Fiction | 02/26/2017 | Urdu Literature | 891.4393 NAS | CEME-39882 | 06/28/2021 | 06/28/2021 | Book | 1.0 | ||||||
| College of Electrical & Mechanical Engineering (CEME) | College of Electrical & Mechanical Engineering (CEME) | General Stacks | 07/17/2017 | 891.4393 NAS | CEME-35779 | 06/28/2021 | 06/28/2021 | Book |
